Catálogo
 En Linea

Protagonistas del atletismo dominicano / | Wilfredo Peruco Torres, Raymond Stewart ; prólogo José Ludwig Rubio Rodríguez. (Registro nro. 45296)

Detalles MARC
000 -CABECERA
campo de control de longitud fija 00682nam a2200169 a 4500
001 - NÚMERO DE CONTROL
campo de control 000045807
005 - FECHA Y HORA DE LA ÚLTIMA TRANSACCIÓN
campo de control 20201002052444.0
008 - DATOS DE LONGITUD FIJA--INFORMACIÓN GENERAL
campo de control de longitud fija 150515s2016 dr 000 0 spa d
040 ## - FUENTE DE LA CATALOGACIÓN
Centro catalogador/agencia de origen DO-SdBNP
Lengua de catalogación spa
Centro/agencia transcriptor BNPHU
100 1# - ENTRADA PRINCIPAL--NOMBRE DE PERSONA
Nombre de persona Peruco Torres, Wilfredo
9 (RLIN) 73884
245 10 - MENCIÓN DE TÍTULO
Título Protagonistas del atletismo dominicano /
-- Wilfredo Peruco Torres, Raymond Stewart ; prólogo José Ludwig Rubio Rodríguez.
260 ## - PUBLICACIÓN, DISTRIBUCIÓN, ETC.
Lugar de publicación, distribución, etc. Santo Domingo :
Nombre del editor, distribuidor, etc. Fundación Luguelin Santos,
Fecha de publicación, distribución, etc. 2016.
300 ## - DESCRIPCIÓN FÍSICA
Extensión 199 p. :
Otras características físicas ils., tablas, retrs ;
Dimensiones 23 cm.
590 ## - NOTA LOCAL (RLIN)
Nota local La biblioteca posee un ej. autográfiado por el autor
700 12 - PUNTO DE ACCESO ADICIONAL--NOMBRE DE PERSONA
Nombre de persona Stewart- Raymond
9 (RLIN) 42723
700 12 - PUNTO DE ACCESO ADICIONAL--NOMBRE DE PERSONA
Nombre de persona Rubio Rodríguez , José Ludwig
Término indicativo de función/relación prólogo
9 (RLIN) 73885
Existencias
Estado de retiro Estado de pérdida Restricciones de uso No para préstamo Código de colección Localización permanente Ubicación/localización actual Ubicación en estantería Fecha de adquisición Número de inventario Total de préstamos Signatura topográfica completa Código de barras Fecha visto por última vez Número de copia Precio válido a partir de Tipo de ítem Koha
        Dominicana de Servicio General General Depósito 17.06.2015 LF1   45807-30 25.06.2020 e. 3 25.06.2020 Libro y Folleto Colección Dominicana de Servicio
      Excluido de préstamo Patrimonio Dominicano Patrimonio Dominicano Patrimonio Dominicano Depósito 15.05.2015 LF1   45807-10 25.06.2020   25.06.2020 Libro y Folleto Colección Patrimonio Dominicano
      Excluido de préstamo Patrimonio Dominicano Patrimonio Dominicano Patrimonio Dominicano Depósito 17.06.2015 LF1   45807-20 25.06.2020 e. 2 25.06.2020 Libro y Folleto Colección Patrimonio Dominicano

Con tecnología Koha